[Event "World City of Silla"]
[Site "Silla"]
[Date "2020.09.21"]
[Round "1.1"]
[White "Cebolla Ruiz, Anna"]
[Black "Llopis Cano, Marilo"]
[Result "1-0"]
[WhiteElo "1189"]
[BlackElo "1133"]
[PlyCount "42"]
[EventDate "2020.09.21"]
[EventType "k.o. (blitz)"]
[EventRounds "4"]
[EventCountry "ESP"]
[SourceTitle "CBM 198 Extra"]
[Source "ChessBase"]
[SourceDate "2020.11.30"]
[SourceVersion "1"]
[SourceVersionDate "2020.11.30"]
[SourceQuality "1"]

1. d4 e6 2. e4 d5 3. Nc3 c5 4. Nf3 Bd7 5. exd5 Nf6 6. dxe6 Bxe6 7. Bb5+ Nc6 8. Bxc6+ bxc6 9. 0-0 Nd5 10. Nxd5 cxd5 11. Re1 Be7 12. dxc5 Bxc5 13. Nd4 0-0 14. Nxe6 fxe6 15. Be3 Qb6 16. Qd2 Rae8 17. Re2 Bxe3 18. Qxe3 Rf6 19. Rae1 Qxb2 20. Qxa7 e5 21. Qd7 Qd4 1-0